vufinder Bibliothèque Municipale de Charleval de Provence
Se connecter

Loup

Book Cover
Auteur principal: Nicolas Vanier
D'autres auteurs: Jean-Philippe Chatrier
Support: Livres
Langue: Francais
Genre: Roman (gros caractères)
Sujets:
Étiquettes: Ajouter
Pas de Tags !

LEADER 00994nam0a2200193 450
001 16847726
010 |a 978-2-84492-433-9  |b Br.  |d 25,1 € 
100 |a 20110127d2011 u u0frey01 ba 
101 0 |a fre 
102 |a FR 
200 0 |a Loup  |f Nicolas Vanier et Jean-Philippe Chatrier 
207 1 |a   
215 |a 504 p.  |d 24 x 15 cm 
330 |a Après avoir été renié par son père, le jeune Serguei doit survivre seul dans le désert de Sibérie. Il est coupable d'avoir trahi son clan et d'avoir transgressé les lois millénaires de son peuple nomade en n'ayant pas abattu une louve jouant avec ses louveteaux. Mais il va devoir faire face à des hommes venus de l'Ouest qui menacent la survie de sa tribu et de sa femme. 
700 0 |a Vanier  |b Nicolas  |f 1962-....  |4 70 
701 0 |a Chatrier  |b Jean-Philippe  |f 1954-....  |4 70 
900 |a Roman (gros caractères) 
901 |a Accessible au prêt 
995 |a Bibliothèque  |c Bibliothèque  |f 00156007716335  |h 00156007716335  |k R VAN  |o p  |q a  |r az  |e Bibliothèque 

Options de recherche

Historique de recherche
Recherche avancée

Trouver plus

Nouveautés

Besoin d'aide ?

Contacter un bibliothécaire